000 00517nam a22001817a 4500
003 OSt
005 20151008144131.0
008 141007b xxu||||| |||| 00| 0 eng d
020 _a978-970-15-1399-6
040 _cBCRI
_aBCRI
082 _a658.11
100 1 _aSilva, Jorge Enrique
_926326
245 1 0 _aEmprendedor
_b: crear su propia empresa
_cJorge Enrique Silva
260 _aMexico
_bAlfaomega
_ccop. 2008
300 _a206 p.
_bgráf.
_c24 cm.
650 2 4 _aEmprendedores
_96296
942 _2ddc
_cBK
_hprozim
999 _c22804
_d22804